Kriminal(rückfall)prognose: predicition of criminal recidivism

Saved in:  
Bibliographic Details
Main Author: Dahle, Klaus-Peter 1960- (Author)
Format: Print Article
Language:German
Published: 2008
In: Handbuch der Psychologie ; 9: Handbuch der Rechtspsychologie
Year: 2008, Pages: 444 - 452
Check availability: HBZ Gateway

MARC

LEADER 00000caa a2200000 c 4500
001 1348009101
003 DE-627
005 20220527133212.0
007 tu
008 080306s2008 xx ||||| 00| ||ger c
020 |a 9783801718510 
035 |a (DE-627)1348009101 
035 |a (DE-576)278009107 
035 |a (DE-599)BSZ278009107 
040 |a DE-627  |b ger  |c DE-627  |e rakwb 
041 |a ger 
100 1 |a Dahle, Klaus-Peter  |d 1960-  |0 (DE-588)113754159  |0 (DE-627)501462236  |0 (DE-576)174695330  |4 aut 
109 |a Dahle, Klaus-Peter 1960-  |a Dahle, K.-P. 1960- 
245 1 0 |a Kriminal(rückfall)prognose  |b predicition of criminal recidivism  |c Klaus-Peter Dahle 
264 1 |c 2008 
300 |b graph. Darst. 
336 |a Text  |b txt  |2 rdacontent 
337 |a ohne Hilfsmittel zu benutzen  |b n  |2 rdamedia 
338 |a Band  |b nc  |2 rdacarrier 
773 0 8 |i In  |t Handbuch der Psychologie ; 9: Handbuch der Rechtspsychologie  |d Göttingen : Hogrefe, 2008  |g (2008), Seite 444 - 452  |h 649 S.  |w (DE-627)1329664086  |w (DE-576)259664081  |z 3801718514  |z 9783801718510  |7 nnam 
773 1 8 |g year:2008  |g pages:444 - 452 
935 |a mkri 
951 |a AR 
ELC |b 1 
LOK |0 000 xxxxxcx a22 zn 4500 
LOK |0 001 289920288X 
LOK |0 003 DE-627 
LOK |0 004 1348009101 
LOK |0 005 20251023144452 
LOK |0 008 160208||||||||||||||||ger||||||| 
LOK |0 040   |a DE-21-110  |c DE-627  |d DE-21-110 
LOK |0 852   |a DE-21-110 
LOK |0 852 1  |m p  |9 00 
LOK |0 935   |a k110 
LOK |0 938   |k p 
LOK |0 939   |a 08-02-16  |b l01 
ORI |a SA-MARC-krimdoka001.raw